L'ouvrier français (Record no. 105827)

MARC details
000 -LEADER
campo de control de longitud fija 00747nam a2200229 i 4500
001 - NÚMERO DE CONTROL
campo de control 105827
003 - IDENTIFICADOR DE NÚMERO DE CONTROL
campo de control ES-MaACL
007 - CAMPO FIJO DE DESCRIPCIÓN FÍSICA--INFORMACIÓN GENERAL
campo de control de longitud fija t|
008 - DATOS DE LONGITUD FIJA--INFORMACIÓN GENERAL
campo de control de longitud fija 060831s1951 fr ||||1| fre d
080 ## - NÚMERO DE LA CLASIFICACIÓN DECIMAL UNIVERSAL
Número de la Clasificación Decimal Universal 331.105.42/.44(44)
100 1# - ENTRADA PRINCIPAL--NOMBRE DE PERSONA
Nombre de persona Collinet, Michel.
9 (RLIN) 39720
245 12 - MENCIÓN DEL TÍTULO
Título L'ouvrier français
Resto del título : esprit du syndicalisme (essai) /
Mención de responsabilidad, etc. Michel Collinet ; avant-propos par Edouard Dolléans.
260 ## - PUBLICACIÓN, DISTRIBUCIÓN, ETC.
Lugar de publicación, distribución, etc. Paris :
Nombre del editor, distribuidor, etc. Les Editions Ouvrières,
Fecha de publicación, distribución, etc. [1951]
300 ## - DESCRIPCIÓN FÍSICA
Extensión 229 p. ;
Dimensiones 19 cm.
490 1# - MENCIÓN DE SERIE
Mención de serie Masses et militants
500 ## - NOTA GENERAL
Nota general Biblioteca Juan Andrade.
650 14 - PUNTO DE ACCESO ADICIONAL DE MATERIA--TÉRMINO DE MATERIA
Término de materia o nombre geográfico como elemento de entrada Sindicatos-
Subdivisión geográfica Francia.
9 (RLIN) 17122
700 1# - ENTRADA AGREGADA--NOMBRE PERSONAL
Nombre de persona Dolléans, Edouard.
9 (RLIN) 45030
830 0# - PUNTO DE ACCESO ADICIONAL DE SERIE-TÍTULO UNIFORME
Título uniforme Masses et militants
9 (RLIN) 185112
852 ## - LOCALIZACIÓN
Ubicación ES-MaACL
Número de control de estantería AND-645
Sublocalización o colección R.109943
Holdings
Estatus retirado Estado de pérdida Estado de daño No para préstamo Biblioteca de origen Biblioteca actual Ubicación en estantería Fecha de adquisición Fuente de adquisición Total de préstamos Signatura topográfica completa Código de barras Visto por última vez Precio de reemplazo Tipo de ítem Koha
        Biblioteca del Ateneo de Madrid Biblioteca del Ateneo de Madrid Depósito 2 17/01/2008     AND-645 1110485 23/02/2023 23/02/2023 Libro impreso